KAFE IDOSCOPE / (Record no. 170351)

MARC details
000 -LEADER
fixed length control field 01094aam a2200361 i 4500
001 - CONTROL NUMBER
control field vtls000824065
003 - CONTROL NUMBER IDENTIFIER
control field PNM
005 - DATE AND TIME OF LATEST TRANSACTION
control field 20200704151704.0
008 - FIXED-LENGTH DATA ELEMENTS--GENERAL INFORMATION
fixed length control field 170415s2016 my e 000 1 may d
015 ## - NATIONAL BIBLIOGRAPHY NUMBER
National bibliography number M16-15192
020 ## - INTERNATIONAL STANDARD BOOK NUMBER
International Standard Book Number 9789671378250
Qualifying information paperback
Terms of availability RM20.00
039 #9 - LEVEL OF BIBLIOGRAPHIC CONTROL AND CODING DETAIL [OBSOLETE]
Level of rules in bibliographic description 201706070917
Level of effort used to assign nonsubject heading access points zaleha
040 ## - CATALOGING SOURCE
Original cataloging agency BNM
Language of cataloging eng
Transcribing agency BNM
Description conventions rda
Modifying agency PPAK
041 ## - LANGUAGE CODE
Language code of text/sound track or separate title may
082 04 - DEWEY DECIMAL CLASSIFICATION NUMBER
Classification number 899.233010803
Edition number 23
090 00 - LOCALLY ASSIGNED LC-TYPE CALL NUMBER (OCLC); LOCAL CALL NUMBER (RLIN)
Classification number (OCLC) (R) ; Classification number, CALL (RLIN) (NR) 899.233010803
Feature heading KAF
Feature heading G
245 00 - TITLE STATEMENT
Title KAFE IDOSCOPE /
Statement of responsibility, etc. diselenggarakan oleh Nur Cahaya & Zakuan Faizz ; Editor : Nur Hazlinda Hussain
246 14 - VARYING FORM OF TITLE
Title proper/short title Cover title: Seribu Satu Kisah Kafe Idoscope
250 ## - EDITION STATEMENT
Edition statement Limited Edition
264 #1 - PRODUCTION, PUBLICATION, DISTRIBUTION, MANUFACTURE, AND COPYRIGHT NOTICE
Place of production, publication, distribution, manufacture Ipoh, Perak :
Name of producer, publisher, distributor, manufacturer SJ CREATIVE,
Date of production, publication, distribution, manufacture, or copyright notice 2016
300 ## - PHYSICAL DESCRIPTION
Extent 217 pages ;
Dimensions 19 cm
336 ## - CONTENT TYPE
Content type term text
Source rdacontent
337 ## - MEDIA TYPE
Media type term unmediated
Source rdamedia
338 ## - CARRIER TYPE
Carrier type term volume
Source rdacarrier
650 14 - SUBJECT ADDED ENTRY--TOPICAL TERM
Topical term or geographic name entry element Malaysian fiction (Malay)
Topical term or geographic name entry element Malay fiction
700 0# - ADDED ENTRY--PERSONAL NAME
Personal name Nur Cahaya,
Relator term editor.
Personal name Zakuan Faizz,
Relator term editor.
Personal name Nur Hazlinda Hussain,
Relator term editor.
942 ## - ADDED ENTRY ELEMENTS (KOHA)
Source of classification or shelving scheme Dewey Decimal Classification
Koha item type Book
949 ## - LOCAL PROCESSING INFORMATION (OCLC)
6 2000467784
6 2000467785
Holdings
Withdrawn Not for loan Current library Shelving location Date acquired Total Checkouts Total Renewals Full call number Barcode Date last seen Date last checked out Koha item type
    Perpustakaan Alor Setar Pinjaman Dewasa 19/12/2018 1 1 899.233010803 KAF A00737516 06/09/2021 10/04/2021 Book